MCA Entrance Examinations 2025 (Master of Computer Applications)/ (Record no. 207605)

MARC details
000 -LEADER
fixed length control field 00891nam a22002297a 4500
005 - DATE AND TIME OF LATEST TRANSACTION
control field 20250619144942.0
010 ## - LCCN (DPL NO)
LC control number DEC24SC ENG-142975 ENG-145471
020 ## - INTERNATIONAL STANDARD BOOK NUMBER
International Standard Book Number 9789364689618
Terms of availability 1099.00
035 ## - SYSTEM CONTROL NUMBER
System control number EN-126507
035 ## - SYSTEM CONTROL NUMBER
System control number EN-129003
037 ## - SOURCE OF ACQUISITION
Source of stock number/acquisition DBAD
082 ## - DEWEY DECIMAL CLASSIFICATION NUMBER
Classification number 000
Edition number 3
100 ## - MAIN ENTRY--PERSONAL NAME
Personal name Grover, Sudhir
245 ## - TITLE STATEMENT
Title MCA Entrance Examinations 2025 (Master of Computer Applications)/
Statement of responsibility, etc By Sudhir Grover & Arpana Grover
250 ## - EDITION STATEMENT
Edition statement 1
260 ## - PUBLICATION, DISTRIBUTION, ETC. (IMPRINT)
Place of publication, distribution, etc New Delhi
Name of publisher, distributor, etc S Chand and Company Limited
Date of publication, distribution, etc 2025
270 ## - ADDRESS
Address A-27, 2nd Floor, Mohan Co-operative Industrial Estate
City New Delhi
Postal code 110044
Electronic mail address info@schandpublishing.com
Telephone number 011-49731800
300 ## - PHYSICAL DESCRIPTION
Extent xiv,1053p.
Dimensions 26cm(pb)
500 ## - GENERAL NOTE
General note Mathematics, Analytical & Logical Ability, Quantitative Ability, Computer Awareness & General English
700 ## - ADDED ENTRY--PERSONAL NAME
Personal name Grover, Arpana
Relator term Author
9 (RLIN) 75009
942 ## - ADDED ENTRY ELEMENTS (KOHA)
Source of classification or shelving scheme Dewey Decimal Classification
Item type English Books
Classification part 000
Call number suffix GRO
Edition 1
Holdings
Withdrawn status Lost status Not for loan Collection code Home library Current library Date acquired Source of acquisition Cost, normal purchase price Full call number Barcode Copy number Cost, replacement price Koha item type
      Non-fiction Central Library Central Library 11/12/2024 Delivery of Books Division 1099.00 000 GRO EN-126507 1 1099.00 English Books
      Non-fiction Mobile Library Mobile Library 19/06/2025 Delivery of Books Act Division 1099.00 000 GRO EN-129003 1 1099.00 English Books

© Delhi Public Library
Hit Counter
free hit counter